|
|
|
|
| LEADER |
00000cam a22000004a 4500 |
| 001 |
musev2_51713 |
| 003 |
MdBmJHUP |
| 005 |
20230905045517.0 |
| 006 |
m o d |
| 007 |
cr||||||||nn|n |
| 008 |
170415s2017 nhu o 00 0 eng d |
| 020 |
|
|
|a 9781512600803
|
| 020 |
|
|
|z 9781611689020
|
| 020 |
|
|
|z 9781611689013
|
| 035 |
|
|
|a (OCoLC)969203736
|
| 040 |
|
|
|a MdBmJHUP
|c MdBmJHUP
|
| 100 |
1 |
|
|a Mahler, Donald A.
|
| 245 |
1 |
0 |
|a Breathe Easy :
|b Relieving the Symptoms of Chronic Lung Disease
|
| 264 |
|
1 |
|a Lebanon, NH :
|b University Press of New England,
|c 2017.
|
| 264 |
|
3 |
|a Baltimore, Md. :
|b Project MUSE,
|c 2017
|
| 264 |
|
4 |
|c ©2017.
|
| 300 |
|
|
|a 1 online resource (168 pages).
|
| 336 |
|
|
|a text
|b txt
|2 rdacontent
|
| 337 |
|
|
|a computer
|b c
|2 rdamedia
|
| 338 |
|
|
|a online resource
|b cr
|2 rdacarrier
|
| 505 |
0 |
|
|a Cover; Title Page; Contents; Preface; Acknowledgments; 1 | How to Breathe; 2 | Second Wind; 3 | Why Am I Short of Breath?; 4 | Asthma; 5 | Chronic Obstructive Pulmonary Disease; 6 | Correct Inhaler Use; 7 | Interstitial Lung Disease; 8 | Will Exercise Help?; 9 | Other Strategies to Relieve Shortness of Breath; 10 | Traveling with Oxygen; Index.
|
| 520 |
|
|
|a An informative and practical guide to better breathing.
|
| 588 |
|
|
|a Description based on print version record.
|
| 650 |
|
7 |
|a Lungs
|x Diseases
|x Treatment.
|2 fast
|0 (OCoLC)fst01003799
|
| 650 |
|
7 |
|a MEDICAL / General
|2 bisacsh
|
| 650 |
|
6 |
|a Poumons
|x Maladies
|x Traitement.
|
| 650 |
|
0 |
|a Lungs
|x Diseases
|x Treatment.
|
| 655 |
|
7 |
|a Electronic books.
|2 local
|
| 710 |
2 |
|
|a Project Muse.
|e distributor
|
| 830 |
|
0 |
|a Book collections on Project MUSE.
|
| 856 |
4 |
0 |
|z Texto completo
|u https://projectmuse.uam.elogim.com/book/51713/
|
| 945 |
|
|
|a Project MUSE - Custom Collection
|
| 945 |
|
|
|a Project MUSE - 2017 Complete
|